Government moves on gazumping (Record no. 60209)

MARC details
000 -LEADER
fixed length control field 00756cam a2200205 4500
001 - CONTROL NUMBER
control field WB3541-17
008 - FIXED-LENGTH DATA ELEMENTS--GENERAL INFORMATION
fixed length control field 000000n1999 000 0 eng u
035 ## - SYSTEM CONTROL NUMBER
System control number (Sirsi) u100666
245 ## - TITLE STATEMENT
Title Government moves on gazumping
260 ## - PUBLICATION, DISTRIBUTION, ETC.
Date of publication, distribution, etc. 1999
490 ## - SERIES STATEMENT
Series statement Times Weekend
Volume/sequential designation 16 October 1999, 14
490 ## - SERIES STATEMENT
Series statement Daily Telegraph
Volume/sequential designation Money go Round 16 October 1999, B3(3)
520 ## - SUMMARY, ETC.
Summary, etc. Reviews the government's new measures to prevent gazumping, including sellers having to pay for surveys before putting their homes on the market.
590 ## - LOCAL NOTE (RLIN)
Local note WB
650 ## - SUBJECT ADDED ENTRY--TOPICAL TERM
Topical term or geographic name entry element PROPERTY-RESIDENTIAL PROPERTY-ACQUISITION AND DISPOSAL OF RESIDENTIAL PROPERTY
650 ## - SUBJECT ADDED ENTRY--TOPICAL TERM
Topical term or geographic name entry element ANTI-GAZUMPING LEGISLATION
650 ## - SUBJECT ADDED ENTRY--TOPICAL TERM
Topical term or geographic name entry element SELLERS INFORMATION PACKS
690 ## - LOCAL SUBJECT ADDED ENTRY--TOPICAL TERM (OCLC, RLIN)
Topical term or geographic name as entry element HOUSING
942 ## - ADDED ENTRY ELEMENTS (KOHA)
Suppress in OPAC 0
Holdings
Withdrawn status Lost status Source of classification or shelving scheme Damaged status Not for loan Home library Current library Shelving location Date acquired Total Checkouts Full call number Barcode Date last seen Copy number Price effective from Koha item type
    Dewey Decimal Classification     London London News article 21/10/1999   WB3541-17 100666-1001 06/08/2019 1 06/08/2019 News article